Проблемы и перспективы внедрения процессного подхода в организацию; Ресурсоэффективные системы в управлении и контроле: взгляд в будущее

Dades bibliogràfiques
Parent link:Ресурсоэффективные системы в управлении и контроле: взгляд в будущее.— 2017.— [С. 129]
Autor principal: Копотилова Я. Е.
Autor corporatiu: Национальный исследовательский Томский политехнический университет (ТПУ) Институт неразрушающего контроля (ИНК) Кафедра физических методов и приборов контроля качества (ФМПК)
Altres autors: Янушевская М. Н. Марина Николаевна (научный руководитель)
Sumari:Заглавие с экрана
Idioma:rus
Publicat: 2017
Col·lecció:Эффективные системы управления качеством
Matèries:
Accés en línia:http://earchive.tpu.ru/handle/11683/44581
Format: MixedMaterials Electrònic Capítol de llibre
KOHA link:https://koha.lib.tpu.ru/cgi-bin/koha/opac-detail.pl?biblionumber=624846

MARC

LEADER 00000naa2a2200000 4500
001 624846
005 20231101133332.0
035 |a (RuTPU)RU\TPU\conf\24106 
035 |a RU\TPU\conf\24099 
090 |a 624846 
100 |a 20171201d2017 k y0rusy50 ca 
101 0 |a rus 
102 |a RU 
105 |a y z 101zy 
135 |a drgn ---uucaa 
181 0 |a i  
182 0 |a b 
200 1 |a Проблемы и перспективы внедрения процессного подхода в организацию  |f Я. Е. Копотилова  |g науч. рук. М. Н. Янушевская 
203 |a Текст  |c электронный 
225 1 |a Эффективные системы управления качеством 
230 |a 1 компьютерный файл (pdf; 279 Кб) 
300 |a Заглавие с экрана 
320 |a [Библиогр.: с. 129 (2 назв.)] 
463 0 |0 (RuTPU)RU\TPU\conf\23960  |t Ресурсоэффективные системы в управлении и контроле: взгляд в будущее  |o сборник научных трудов VI Международной конференции школьников, студентов, аспирантов, молодых ученых, 9 -14 октября 2017 г., г. Томск  |f Национальный исследовательский Томский политехнический университет (ТПУ)  |v [С. 129]  |d 2017 
610 1 |a электронный ресурс 
610 1 |a труды учёных ТПУ 
610 1 |a проблемы 
610 1 |a перспективы 
610 1 |a процессный подход 
610 1 |a организации 
610 1 |a конкурентоспособность 
700 1 |a Копотилова  |b Я. Е. 
702 1 |a Янушевская  |b М. Н.  |c специалист в области неразрушающего контроля  |c старший преподаватель Томского политехнического университета  |f 1969-  |g Марина Николаевна  |2 stltpush  |4 727 
712 0 2 |a Национальный исследовательский Томский политехнический университет (ТПУ)  |b Институт неразрушающего контроля (ИНК)  |b Кафедра физических методов и приборов контроля качества (ФМПК)  |h 68  |2 stltpush  |3 (RuTPU)RU\TPU\col\18709 
801 2 |a RU  |b 63413507  |c 20171206  |g RCR 
856 4 |u http://earchive.tpu.ru/handle/11683/44581 
942 |c BK